[Event "Monarch Assurance Isle of Man 14th"]
[Site "Port Erin IOM"]
[Date "2005.10.02"]
[Round "9.31"]
[White "Zozulia, Anna"]
[Black "Henrichsen, Jens"]
[Result "1-0"]
[WhiteElo "2314"]
[BlackElo "2075"]
[PlyCount "33"]
[EventDate "2005.09.24"]
[EventType "swiss"]
[EventRounds "9"]
[EventCountry "IOM"]

1. e4 c5 2. Nf3 d6 3. d4 cxd4 4. Nxd4 Nf6 5. Nc3 a6 6. f4 Qc7 7. Bd3 e6 8. O-O
Be7 9. Kh1 O-O 10. Qf3 b5 11. e5 dxe5 12. fxe5 Ne8 13. Be3 Bb7 14. Be4 Bxe4 15.
Qxe4 Ra7 16. Nb3 Rb7 17. Na5 1-0

[Event "Monarch Assurance Isle of Man 14th"]
[Site "Port Erin IOM"]
[Date "2005.10.02"]
[Round "9.32"]
[White "Peric, Slavisa"]
[Black "Fraser-Mitchell, Jeremy"]
[Result "1/2-1/2"]
[WhiteElo "2280"]
[BlackElo "2098"]
[PlyCount "75"]
[EventDate "2005.09.24"]
[EventType "swiss"]
[EventRounds "9"]
[EventCountry "IOM"]

1. d4 f5 2. Nc3 Nf6 3. Bg5 d5 4. Bxf6 exf6 5. e3 Be6 6. Bd3 Qd7 7. Qf3 Nc6 8.
a3 O-O-O 9. Nge2 g5 10. h4 a6 11. b4 Bd6 12. g3 Ne7 13. hxg5 fxg5 14. Rh6 Ng6
15. Qh5 Bf8 16. Rxg6 Bf7 17. Bxf5 Qxf5 18. Rxg5 Qd7 19. Qg4 Be6 20. Qh5 Bf7 21.
Qh1 Be7 22. Rg7 Bf6 23. Rxf7 Qxf7 24. Nf4 c6 25. Qh3+ Kb8 26. Qe6 Qxe6 27. Nxe6
Rde8 28. Nf4 Bxd4 29. Kd2 Be5 30. Nd3 Bf6 31. Rh1 d4 32. exd4 Bxd4 33. Ne2 Bf6
34. Rh5 Re7 {(=)} 35. Nef4 Rd8 36. c3 Be5 37. Kc2 Bxf4 38. Nxf4 1/2-1/2

[Event "Monarch Assurance Isle of Man 14th"]
[Site "Port Erin IOM"]
[Date "2005.10.02"]
[Round "9.33"]
[White "Fairbairn, Stephen"]
[Black "Vitoux, Colomban"]
[Result "0-1"]
[WhiteElo "2065"]
[BlackElo "2264"]
[PlyCount "130"]
[EventDate "2005.09.24"]
[EventType "swiss"]
[EventRounds "9"]
[EventCountry "IOM"]

1. d4 Nf6 2. c4 e5 3. dxe5 Ne4 4. Nf3 Bb4+ 5. Nbd2 Nc6 6. e3 Qe7 7. Bd3 Nxd2 8.
Bxd2 Nxe5 9. Nxe5 Bxd2+ 10. Qxd2 Qxe5 11. O-O O-O 12. Qc2 {(=)} f5 13. c5 b6
14. Bc4+ Kh8 15. cxb6 axb6 16. Rfd1 d6 17. Bd5 Ra5 18. Qd2 Be6 19. Bxe6 Qxe6
20. a3 h6 21. Rac1 Rf7 22. g3 Kg8 23. Rc3 Rd7 24. Qc2 Ra7 25. Rc6 Re7 26. Rd4
Qd7 27. Rdc4 Kf8 28. Qd3 Ke8 29. Qd5 Kd8 30. Qd3 Re5 31. b4 Qe6 32. Qc3 Qd7 33.
Qd3 Qe7 34. Rc3 Qe6 35. Qc2 Qd7 36. Qb3 Qe6 37. Qc2 Qd7 38. Qb3 Re7 39. Qc4 Qe6
40. Qxe6 Rxe6 41. h4 Kd7 42. Kg2 g5 43. hxg5 hxg5 44. f3 Rxe3 45. Rxd6+ Kxd6
46. Rxe3 c5 47. bxc5+ bxc5 48. f4 gxf4 49. gxf4 Kd5 50. Re5+ Kd4 51. Rxf5 c4
52. Rf8 Rc7 53. Kf3 Kd3 54. Rh8 c3 55. Rh1 c2 56. Rc1 Kd2 57. Rxc2+ Rxc2 58.
Ke4 Kc3 59. f5 Kc4 60. Ke5 Kc5 61. Ke6 Kc6 62. Ke7 Re2+ 63. Kf7 Kd7 64. a4 Ra2
65. f6 Rxa4 0-1

[Event "Monarch Assurance Isle of Man 14th"]
[Site "Port Erin IOM"]
[Date "2005.10.02"]
[Round "9.34"]
[White "Duhayon, Yves"]
[Black "Bennion, David A"]
[Result "1/2-1/2"]
[WhiteElo "2230"]
[BlackElo "2074"]
[PlyCount "45"]
[EventDate "2005.09.24"]
[EventType "swiss"]
[EventRounds "9"]
[EventCountry "IOM"]

1. Nf3 d5 2. c4 Nf6 3. cxd5 Nxd5 4. e4 Nb6 5. d4 g6 6. h3 Bg7 7. Nc3 O-O 8. Be2
Be6 9. d5 Bd7 10. O-O c6 11. Qb3 cxd5 12. exd5 Na6 13. Be3 Rc8 14. a4 Nc5 15.
Bxc5 Rxc5 16. a5 Nxd5 17. Nxd5 Be6 18. Qxb7 Bxd5 19. Qxa7 Rc2 20. Qe3 Rxb2 21.
a6 Rb3 22. Qc5 Bxa1 23. Rxa1 {both scoresheets illegible (37 moves)} 1/2-1/2

[Event "Monarch Assurance Isle of Man 14th"]
[Site "Port Erin IOM"]
[Date "2005.10.02"]
[Round "9.35"]
[White "Grant, Alan"]
[Black "Ashton, Adam"]
[Result "0-1"]
[WhiteElo "2152"]
[BlackElo "2294"]
[PlyCount "104"]
[EventDate "2005.09.24"]
[EventType "swiss"]
[EventRounds "9"]
[EventCountry "IOM"]

1. e3 e5 2. c4 Nf6 3. a3 d6 4. Nc3 g6 5. g3 Bg7 6. Bg2 O-O 7. Nge2 c6 8. d4 Qe7
9. O-O Nh5 10. b4 f5 11. b5 e4 12. a4 Be6 13. d5 Bf7 14. bxc6 bxc6 15. Rb1 c5
16. Bd2 Nd7 17. Rb7 Rfb8 18. Qb3 Qd8 19. Rb1 Rxb7 20. Qxb7 Ne5 21. Qb3 Nf6 22.
Qa2 Rb8 23. Nc1 Rxb1 24. Nxb1 Qb8 25. Na3 Nfd7 26. Qc2 h5 27. a5 a6 28. h3 h4
29. Kf1 hxg3 30. fxg3 Qd8 31. Be1 Bh6 32. Qb3 Qc7 33. Nc2 g5 34. Bc3 Bg7 35.
Ne1 Bh5 36. Kf2 Qb8 37. Qc2 Qf8 38. Bd2 Bg6 39. Kg1 Qb8 40. Kh2 Nf6 41. Ne2 Bh5
42. Ng1 Qe8 43. Bf1 Bh6 44. Qb3 Bf3 45. Ngxf3 exf3 46. Nd3 Neg4+ 47. Kg1 Nxe3
48. Nc1 Nxf1 49. Kxf1 Ne4 50. Be1 g4 51. Qc2 Bxc1 52. Qxc1 Nxg3+ 0-1

[Event "Monarch Assurance Isle of Man 14th"]
[Site "Port Erin IOM"]
[Date "2005.10.02"]
[Round "9.36"]
[White "Allen, Keith"]
[Black "De Lagontrie, Jean"]
[Result "1-0"]
[WhiteElo "2210"]
[BlackElo "1988"]
[PlyCount "65"]
[EventDate "2005.09.24"]
[EventType "swiss"]
[EventRounds "9"]
[EventCountry "IOM"]

1. d4 d5 2. c4 c6 3. cxd5 cxd5 4. Bf4 Nc6 5. Nc3 Bf5 6. e3 Nf6 7. Nf3 e6 8. Bb5
Be7 9. Ne5 Rc8 10. Nxc6 bxc6 11. Ba6 O-O 12. O-O Qa5 13. Bxc8 Rxc8 14. a3 c5
15. dxc5 Qxc5 16. h3 Nd7 17. Rc1 Nb6 18. Na4 Bc2 19. Nxc5 Bxd1 20. Rfxd1 Bxc5
21. b4 Bf8 22. Rxc8 Nxc8 23. Rc1 Nb6 24. Rc7 f6 25. Rxa7 e5 26. Bg3 Nc4 27. Kf1
h5 28. Ke2 g5 29. f3 f5 30. h4 f4 31. Bf2 g4 32. exf4 exf4 33. Bc5 1-0

[Event "Monarch Assurance Isle of Man 14th"]
[Site "Port Erin IOM"]
[Date "2005.10.02"]
[Round "9.37"]
[White "Fox, Anthony"]
[Black "Groffen, Hans"]
[Result "1/2-1/2"]
[WhiteElo "2118"]
[BlackElo "2210"]
[PlyCount "66"]
[EventDate "2005.09.24"]
[EventType "swiss"]
[EventRounds "9"]
[EventCountry "IOM"]

1. e4 c6 2. d4 d5 3. Nd2 dxe4 4. Nxe4 Nf6 5. Nxf6+ gxf6 6. c3 Bf5 7. Nf3 e6 8.
g3 Bd6 9. Bg2 Nd7 10. O-O Qc7 11. b4 a5 12. bxa5 Qxa5 13. Qb3 Qb6 14. Bb2 Qxb3
15. axb3 O-O 16. Nd2 Bd3 17. Rfe1 Nb6 18. Be4 Bxe4 19. Nxe4 Be7 20. c4 f5 21.
Nc5 Rxa1 22. Rxa1 Rb8 23. Ra7 Bxc5 24. dxc5 Nd7 25. b4 f6 26. b5 Nxc5 27. Bxf6
Nd7 28. Be7 Nb6 29. Bd6 Ra8 30. Rxb7 Nxc4 31. Bf4 e5 32. Bh6 cxb5 33. Rxb5 Ra6
1/2-1/2

[Event "Monarch Assurance Isle of Man 14th"]
[Site "Port Erin IOM"]
[Date "2005.10.02"]
[Round "9.38"]
[White "Smith, Andrew P"]
[Black "Adams, Phil"]
[Result "1/2-1/2"]
[WhiteElo "2204"]
[BlackElo "2138"]
[PlyCount "50"]
[EventDate "2005.09.24"]
[EventType "swiss"]
[EventRounds "9"]
[EventCountry "IOM"]

1. e4 e5 2. d4 exd4 3. Qxd4 Nc6 4. Qe3 Nf6 5. Nc3 Be7 6. Bd2 d5 7. exd5 Nxd5 8.
Qg3 Ncb4 9. O-O-O Nxc3 10. bxc3 Nxa2+ 11. Kb2 Be6 12. Nf3 c6 13. Nd4 Qb6+ 14.
Nb3 O-O 15. Be3 c5 16. Kxa2 a5 17. c4 Qb4 18. Bd2 a4 19. Bxb4 axb3+ 20. Kxb3
cxb4 21. Rd3 Ra1 22. c3 Rfa8 23. cxb4 R8a3+ 24. Kc2 R3a2+ 25. Kb3 Ra3+ 1/2-1/2

[Event "Monarch Assurance Isle of Man 14th"]
[Site "Port Erin IOM"]
[Date "2005.10.02"]
[Round "9.39"]
[White "Dunn, Andrew"]
[Black "Henderikse, Bert"]
[Result "1/2-1/2"]
[WhiteElo "2197"]
[BlackElo "2028"]
[PlyCount "88"]
[EventDate "2005.09.24"]
[EventType "swiss"]
[EventRounds "9"]
[EventCountry "IOM"]

1. d4 Nf6 2. Nf3 c5 3. c4 cxd4 4. Nxd4 Nc6 5. Nc3 g6 6. e4 d6 7. Be2 Bg7 8. Be3
O-O 9. O-O Bd7 10. h3 Nxd4 11. Bxd4 Bc6 12. Bf3 a6 13. Qd2 Qa5 14. Rfd1 Rfc8
15. Bxf6 exf6 16. Qxd6 f5 17. Nd5 Rd8 18. Ne7+ Kh8 19. Nxc6 bxc6 20. Qxc6 fxe4
21. Qxe4 Bxb2 22. Rd5 Rxd5 23. Qxd5 Qxd5 24. Bxd5 Bxa1 25. Bxa8 Bd4 26. Kf1 Kg7
27. Ke2 f5 28. f3 Kf6 29. Kd3 Bc5 30. Kc3 Ke5 31. Bb7 a5 32. g4 fxg4 33. fxg4
g5 34. Bd5 Kd6 35. Bf7 h6 36. Be8 Ke7 37. Bb5 Kd6 38. Ba6 Bf2 39. Kd3 Ke5 40.
Bb5 Bd4 41. Ba6 Bc5 42. Kc3 Kd6 43. Kb3 Kc7 44. Bb5 Bf2 1/2-1/2

[Event "Monarch Assurance Isle of Man 14th"]
[Site "Port Erin IOM"]
[Date "2005.10.02"]
[Round "9.40"]
[White "Wademark, Helge"]
[Black "Werner, Gert"]
[Result "0-1"]
[WhiteElo "2182"]
[BlackElo "2047"]
[PlyCount "46"]
[EventDate "2005.09.24"]
[EventType "swiss"]
[EventRounds "9"]
[EventCountry "IOM"]

1. e4 g6 2. Nc3 Bg7 3. f4 c6 4. Nf3 d5 5. e5 h5 6. d4 Nh6 7. Be3 Bf5 8. Qd2 Nd7
9. h3 Nf8 10. O-O-O Qc7 11. Be2 O-O-O 12. Ng5 f6 13. Nf3 Be4 14. Bf2 Kb8 15.
Na4 Ne6 16. Kb1 b5 17. Nc3 Bxf3 18. Bxf3 Qa5 19. Rhe1 fxe5 20. fxe5 Nf5 21. g4
hxg4 22. Bxg4 Bh6 23. Qe2 b4 0-1

[Event "Monarch Assurance Isle of Man 14th"]
[Site "Port Erin IOM"]
[Date "2005.10.02"]
[Round "9.41"]
[White "Hickman, John"]
[Black "Hutchinson, Norman A"]
[Result "0-1"]
[WhiteElo "2115"]
[BlackElo "2097"]
[PlyCount "80"]
[EventDate "2005.09.24"]
[EventType "swiss"]
[EventRounds "9"]
[EventCountry "IOM"]

1. Nf3 Nf6 2. g3 e6 3. Bg2 d5 4. O-O Be7 5. d3 O-O 6. Nbd2 Nbd7 7. e4 dxe4 8.
dxe4 Ng4 9. Qe2 Bf6 10. h3 Nge5 11. Ne1 Nc6 12. c3 e5 13. Nc4 Nb6 14. Nxb6 axb6
15. Be3 Be6 16. b3 Bxb3 17. Nf3 Be6 18. Nh2 Ra4 19. Ng4 Be7 20. f4 Qa8 21. Rf2
Bc4 22. Qc2 f6 23. Bf1 Qa6 24. h4 Ra8 25. Bxc4+ Qxc4 26. fxe5 fxe5 27. Qd1 Qxe4
28. Qb3+ Rc4 29. Nh2 Na5 30. Qb5 Qxe3 31. Qd5+ Kh8 32. Raf1 Bc5 33. Qd7 Qxg3+
34. Kh1 Bxf2 35. Rxf2 Qxf2 36. Ng4 Qf3+ 37. Kh2 Rxg4 38. Qxg4 Qxg4 39. c4 Rf8
40. a4 Rf2+ 0-1

[Event "Monarch Assurance Isle of Man 14th"]
[Site "Port Erin IOM"]
[Date "2005.10.02"]
[Round "9.42"]
[White "Heyl, Thomas"]
[Black "Fox, Pierre"]
[Result "1-0"]
[WhiteElo "2101"]
[BlackElo "1815"]
[PlyCount "55"]
[EventDate "2005.09.24"]
[EventType "swiss"]
[EventRounds "9"]
[EventCountry "IOM"]

1. d4 d5 2. Nf3 Nf6 3. Bf4 Bf5 4. c3 c6 5. h3 Nbd7 6. Nbd2 Qb6 7. Qb3 Qxb3 8.
axb3 Bc2 9. b4 Ne4 10. e3 f6 11. Be2 g5 12. Bh2 Nb6 13. O-O h5 14. Rfc1 Nxd2
15. Nxd2 Bg6 16. b5 e6 17. bxc6 bxc6 18. Ra6 Kd7 19. Rca1 Nc8 20. b4 Rh7 21.
Nb3 Bd6 22. Bxd6 Kxd6 23. b5 Rb8 24. Rxc6+ Kd7 25. Nc5+ Ke8 26. Rxe6+ Re7 27.
Rxf6 Rb6 28. Rxg6 1-0

[Event "Monarch Assurance Isle of Man 14th"]
[Site "Port Erin IOM"]
[Date "2005.10.02"]
[Round "9.43"]
[White "Walther, Cliff"]
[Black "Spanton, Tim"]
[Result "1/2-1/2"]
[WhiteElo "2175"]
[BlackElo "2032"]
[PlyCount "37"]
[EventDate "2005.09.24"]
[EventType "swiss"]
[EventRounds "9"]
[EventCountry "IOM"]

1. c4 c5 2. g3 g6 3. Bg2 Bg7 4. Nf3 Nc6 5. Nc3 d6 6. O-O a6 7. e3 e5 8. Re1
Nge7 9. d4 O-O 10. dxc5 dxc5 11. Qxd8 Rxd8 12. Na4 Nb4 13. Rf1 Nc2 14. Rb1 Bf5
15. Nxc5 Na3 16. Ra1 Nc2 17. Rb1 Na3 18. Ra1 Nc2 19. Rb1 1/2-1/2

[Event "Monarch Assurance Isle of Man 14th"]
[Site "Port Erin IOM"]
[Date "2005.10.02"]
[Round "9.44"]
[White "Young, Mel"]
[Black "Marks, Ian A"]
[Result "1-0"]
[WhiteElo "1971"]
[BlackElo "1889"]
[PlyCount "87"]
[EventDate "2005.09.24"]
[EventType "swiss"]
[EventRounds "9"]
[EventCountry "IOM"]

1. e4 d5 2. exd5 Qxd5 3. Nc3 Qa5 4. d4 Nf6 5. Nf3 c6 6. Bc4 Bf5 7. Bd2 Nbd7 8.
Qe2 e6 9. Ne5 Nxe5 10. dxe5 Nd7 11. f4 Bxc2 12. Nb5 Qd8 13. Nd4 Bg6 14. O-O-O
Bc5 15. Nb3 Be7 16. g4 h5 17. f5 exf5 18. gxf5 Bxf5 19. e6 Bxe6 20. Bxe6 fxe6
21. Qxe6 Nf8 22. Qe2 Kf7 23. Bf4 Qc8 24. Nd4 b5 25. Qf3 Qg4 26. Qb3+ Ke8 27.
Rhf1 Rd8 28. Be3 Rd5 29. Rde1 Kd7 30. Rf7 Qg6 31. Ref1 Kd8 32. Rxe7 Kxe7 33.
Qa3+ Ke8 34. Qxa7 Rd7 35. Qb8+ Ke7 36. Nf5+ Ke6 37. Qf4 Rd5 38. Qe4+ Kd7 39.
Qe7+ Kc8 40. Bb6 Nd7 41. Qa3 Qg5+ 42. Be3 Qf6 43. Ne7+ Qxe7 44. Qxe7 1-0

[Event "Monarch Assurance Isle of Man 14th"]
[Site "Port Erin IOM"]
[Date "2005.10.02"]
[Round "9.46"]
[White "McKenzie, Mark"]
[Black "Martin, Katie"]
[Result "0-1"]
[WhiteElo "1249"]
[BlackElo "1953"]
[PlyCount "82"]
[EventDate "2005.09.24"]
[EventType "swiss"]
[EventRounds "9"]
[EventCountry "IOM"]

1. d4 Nf6 2. c4 c5 3. d5 b5 4. g3 d6 5. Bg2 g6 6. Nf3 Bg7 7. O-O O-O 8. Na3 b4
9. Nc2 a5 10. a4 Nbd7 11. Rb1 Ba6 12. b3 Ne4 13. Qd3 Nc3 14. Bb2 Nxb1 15. Bxg7
Kxg7 16. Rxb1 Rb8 17. e4 Qc7 18. Ne3 Ne5 19. Nxe5 dxe5 20. f3 Qd6 21. Ng4 e6
22. Qe3 exd5 23. exd5 Rbe8 24. Re1 Bc8 25. Bh3 Bxg4 26. Bxg4 f5 27. Bh3 e4 28.
f4 Rf7 29. g4 fxg4 30. Bxg4 Qxf4 31. Be6 Qxe3+ 32. Rxe3 Rf4 33. Kg2 Kf6 34. Kg3
Rf3+ 35. Rxf3+ exf3 36. Kxf3 Rxe6 37. dxe6 Kxe6 38. Ke4 g5 39. h3 h6 40. Kf3
Ke5 41. Ke3 h5 0-1